French NBA Players - Sudden Death - Statistics

General Stats
  • This quiz has been taken 246 times
  • The average score is 3 of 7
Answers on the Grid
Answers color-coded by a green-red scale on the quiz's grid according to % correct below.
Nicolas Batum
Clint Capela
Serge Ibaka
DeSagana Diop
Boris Diaw
Evan Fournier
Michael Stewart
Pascal Siakam
Jean Gaultier
D.J. Mbenga
Victor Wembanyama
Sidy Cissoko
Théo Dupont
Joel Ayayi
Antoine Dubois
 
Answer Stats
Answer % Correct
Nicolas Batum
89%
Victor Wembanyama
83%
Evan Fournier
73%
Boris Diaw
41%
Sidy Cissoko
35%
Joel Ayayi
14%
Michael Stewart
7%
No matching quizzes found
Score Distribution
Percent of People with Each Score
Percentile by Number Answered
Your Score History
You have not taken this quiz